Les Schtroumpfs - Statistiques

Statistiques générales
  • Ce quiz a été pris 194 fois
  • Le résultat moyen est 8 sur 10
Statistiques - réponses
Question Réponse % Correct
À l'aide de quel élément le Schtroumpf coquet est-il reconnaissable ? La fleur sur son bonnet
95%
Qui a créé la Schtroumpfette ? Gargamel
91%
Quel Schtroumpf est représenté avec des habits rouges ? le Grand Schtroumpf
91%
De quelle couleur sont les cheveux définitifs de la Schtroumpfette ? Blond
89%
En quoi sont faites les maisons des Schtroumpfs ? En champignon
87%
Quel tatouage le Schtroumpf costaud porte-t-il ? Un cœur
84%
Comment s'appelle le chat de Gargamel ? Azraël
83%
Quel Schtroumpf offre continuellement des cadeaux explosifs à ses voisins ? le Schtroumpf farceur
77%
Quel est l'aliment préféré des Schtroumpfs ? La salsepareille
65%
Dans Les Schtroumpfs noirs, comment s'appelle la créature qui pique les Schtroumpfs ? la mouche Bzz
24%
Aucun quiz correspondant
Distribution des résultats
% des personnes avec chaque résultat
Percentile par nombre de réponses
Votre historique - résultats
Vous n’avez pas pris ce quiz